10 Départements aléatoires par numéro - Classement à l'aveugle - Statistiques

Statistiques générales
  • Ce quiz a été pris 1 982 fois
  • Le résultat moyen est 5 sur 10
Réponses sur la Carte
Les réponses sont colorées sur une échelle allant du rouge au vert en fonction du pourcentage des utilisateurs qui les ont devinées à leur premier essai. Vous pouvez retrouver ces pourcentages ci-dessous.
 
Statistiques - réponses
Hint Départements % Correct
28 Eure-et-Loir
62%
16 Charente
60%
71 Saône-et-Loire
60%
24 Dordogne
58%
35 Ille-et-Vilaine
56%
84 Vaucluse
56%
86 Vienne
56%
36 Indre
55%
48 Lozère
55%
77 Seine-et-Marne
55%
10 Aube
53%
33 Gironde
53%
56 Morbihan
53%
54 Meurthe-et-Moselle
52%
55 Meuse
52%
59 Nord
52%
08 Ardennes
51%
17 Charente-Maritime
51%
26 Drôme
51%
29 Finistère
51%
93 Seine-Saint-Denis
50%
67 Bas-Rhin
49%
15 Cantal
49%
25 Doubs
49%
2B (20-B) Haute-Corse
49%
31 Haute-Garonne
49%
34 Hérault
49%
41 Loir-et-Cher
49%
47 Lot-et-Garonne
49%
51 Marne
49%
57 Moselle
49%
60 Oise
49%
64 Pyrénées-Atlantiques
49%
88 Vosges
49%
11 Aude
48%
49 Maine-et-Loire
48%
972 Martinique
48%
78 Yvelines
48%
07 Ardèche
47%
22 Côtes-d'Armor
47%
23 Creuse
47%
92 Hauts-de-Seine
47%
42 Loire
47%
63 Puy-de-Dôme
47%
80 Somme
47%
03 Allier
46%
13 Bouches-du-Rhône
46%
30 Gard
46%
44 Loire-Atlantique
46%
62 Pas-de-Calais
46%
09 Ariège
45%
2A (20-A) Corse-du-Sud
45%
43 Haute-Loire
45%
05 Hautes-Alpes
45%
70 Haute-Saône
45%
65 Hautes-Pyrénées
45%
37 Indre-et-Loire
45%
69 Rhône
45%
72 Sarthe
45%
95 Val-d'Oise
45%
02 Aisne
44%
06 Alpes-Maritimes
44%
87 Haute-Vienne
44%
40 Landes
44%
58 Nièvre
44%
94 Val-de-Marne
44%
14 Calvados
43%
91 Essonne
43%
46 Lot
43%
73 Savoie
43%
85 Vendée
43%
01 Ain
42%
04 Alpes-de-Haute-Provence
42%
12 Aveyron
42%
68 Haut-Rhin
42%
39 Jura
42%
76 Seine-Maritime
42%
89 Yonne
42%
27 Eure
41%
32 Gers
41%
74 Haute-Savoie
41%
53 Mayenne
41%
61 Orne
41%
82 Tarn-et-Garonne
41%
83 Var
41%
18 Cher
40%
974 La Réunion
40%
50 Manche
39%
75 Paris
39%
66 Pyrénées-Orientales
39%
90 Territoire-de-Belfort
39%
21 Côte-d'Or
38%
79 Deux-Sèvres
38%
973 Guyane
38%
45 Loiret
38%
52 Haute-Marne
36%
81 Tarn
36%
19 Corrèze
35%
971 Guadeloupe
34%
38 Isère
34%
976 Mayotte
34%
Aucun quiz correspondant
Distribution des résultats
% des personnes avec chaque résultat
Percentile par nombre de réponses
Votre historique - résultats
Vous n’avez pas pris ce quiz